| 000 | 004380000a22001690004500 | ||
|---|---|---|---|
| 003 | MACL | ||
| 005 | 20151222171821.0 | ||
| 008 | 151222b xxu||||| |||| 00| 0 eng d | ||
| 040 |
_aMACL _cMACL |
||
| 041 | _aEnglish | ||
| 082 | _a745 | ||
| 100 |
_aColour Library Direct _922281 |
||
| 245 | _aThe Complete Book of Home Crafts | ||
| 260 |
_bColour Library Direct _c2000 _aLondon |
||
| 650 |
_aDecorative Arts _97454 |
||
| 942 |
_cBK _k745 _2ddc |
||
| 999 |
_c40210 _d40210 |
||